书目信息 |
| 题名: |
建筑装饰装修工程概预算和报价
|
|
| 作者: | 许炳权 编著 | |
| 分册: | ||
| 出版信息: | 北京 中国建材工业出版社 2006.03 |
|
| 页数: | 265页 | |
| 开本: | 25cm | |
| 丛书名: | 高等教育建筑装饰装修专业系列教材 | |
| 单 册: | ||
| 中图分类: | TU723.3 | |
| 科图分类: | ||
| 主题词: | 建筑装饰--jian zhu zhuang shi--工程施工--建筑概算定额--高等学校--教材 , 建筑装饰--jian zhu zhuang shi--工程施工--建筑预算定额--高等学校--教材 , 建筑装饰--jian zhu zhuang shi--工程施工--工程造价--高等学校--教材 | |
| 电子资源: | ||
| ISBN: | 7-80227-019-7 | |
| 000 | 01265nam 2200265 450 | |
| 001 | 012006954406 | |
| 005 | 20181217083313.05 | |
| 010 | @a7-80227-019-7@dCNY28.00 | |
| 100 | @a20060422d2006 km y0chiy0120 ea | |
| 101 | 0 | @achi |
| 102 | @aCN@b110000 | |
| 105 | @aa z 000yy | |
| 200 | 1 | @a建筑装饰装修工程概预算和报价@Ajian zhu zhuang shi zhuang xiu gong cheng gai yu suan he bao jia@f许炳权编著@Fxu bing quan bian zhu |
| 210 | @a北京@c中国建材工业出版社@d2006.03 | |
| 215 | @a265页@c图@d25cm | |
| 225 | 2 | @a高等教育建筑装饰装修专业系列教材@Agao deng jiao yu jian zhu zhuang shi zhuang xiu zhuan ye xi lie jiao cai |
| 330 | @a本书的主要内容是建筑的装饰装修概预算,论述了建筑装饰装修预算定额、建筑装饰装修工程预算编制、建筑装饰装修工程量计算、装饰装修工程费用、建筑装饰装修工程预算估价、工程结算和竣工决算、招标及审计等。 | |
| 410 | 0 | @12001 @a高等教育建筑装饰装修专业系列教材 |
| 606 | 0 | @a建筑装饰@Ajian zhu zhuang shi@x工程施工@x建筑概算定额@x高等学校@j教材 |
| 606 | 0 | @a建筑装饰@Ajian zhu zhuang shi@x工程施工@x建筑预算定额@x高等学校@j教材 |
| 606 | 0 | @a建筑装饰@Ajian zhu zhuang shi@x工程施工@x工程造价@x高等学校@j教材 |
| 690 | @aTU723.3@v4 | |
| 701 | 0 | @a许炳权@Axu bing quan@4编著 |
| 801 | 0 | @aCN@bQSSK@c20060422 |
| 905 | @a10447@dTU723.3@eX855 | |
| 建筑装饰装修工程概预算和报价/许炳权编著.-北京:中国建材工业出版社,2006.03 |
| 265页:图;25cm.-(高等教育建筑装饰装修专业系列教材) |
| ISBN 7-80227-019-7:CNY28.00 |
| 本书的主要内容是建筑的装饰装修概预算,论述了建筑装饰装修预算定额、建筑装饰装修工程预算编制、建筑装饰装修工程量计算、装饰装修工程费用、建筑装饰装修工程预算估价、工程结算和竣工决算、招标及审计等。 |
| ● |
| 相关链接 |
|
|
|
正题名:建筑装饰装修工程概预算和报价
索取号:TU723.3/X855
 
预约/预借
| 序号 | 登录号 | 条形码 | 馆藏地/架位号 | 状态 | 备注 |
| 1 | 1304189 | 213041894 | 建筑库201/201建筑库 38排2列1层/ [索取号:TU723.3/X855] | 在馆 | |
| 2 | 558474 | 205584740 | 自科二线404/404自科库 6排4列3层/ [索取号:TU723.3/X855] | 在馆 | |
| 3 | 558475 | 205584759 | 自科二线404/404自科库 6排4列3层/ [索取号:TU723.3/X855] | 在馆 | |
| 4 | 558476 | 205584768 | 自科二线404/404自科库 6排4列3层/ [索取号:TU723.3/X855] | 在馆 |